书目信息 |
| 题名: |
科学经济学
|
|
| 作者: | Сержинский , 谢尔仁斯基 著 ;程一敬 译 | |
| 分册: | ||
| 出版信息: | 北京 科学技术文献出版社 1987 |
|
| 页数: | 198页 | |
| 开本: | 19cm | |
| 丛书名: | 科技政策与管理译丛 | |
| 单 册: | ||
| 中图分类: | F062.1 | |
| 科图分类: | ||
| 主题词: | 科学经济学 | |
| 电子资源: | ||
| ISBN: | ||
| 000 | 01183nam2 2200313 45 | |
| 001 | 0187002063 | |
| 005 | 20060820112903.46 | |
| 010 | @dCNY1.65 | |
| 091 | @aCN@b17176.517 | |
| 100 | @a19900808d1987 kemy0chiy0121 ea | |
| 101 | 1 | @achi@crus |
| 102 | @aCN@b110000 | |
| 105 | @ay z 000yy | |
| 200 | 10 | @a科学经济学@Ake xue jing ji xue@e对科学活动的评价与刺激@f(苏)谢尔仁斯基(Сержинский,И.И.)等著@g程一敬译 |
| 210 | @a北京@c科学技术文献出版社@d1987 | |
| 215 | @a198页@d19cm | |
| 225 | 2 | @a科技政策与管理译丛 |
| 300 | @a书名原文:Экономика науки: оценка деятельности и стимулирование | |
| 410 | 0 | @120010@a科技政策与管理译丛 |
| 510 | 1 | @aЭкономика науки: оценка деятельности и стимулирование@zrus |
| 517 | 1 | @a对科学活动的评价与刺激@Adui ke xue huo dong de ping jia yu ci ji |
| 606 | @a科学经济学 | |
| 690 | @aF062.1@v3 | |
| 701 | A1 | @aСержинский@bИ.И.@4著 |
| 701 | 1 | @a谢尔仁斯基@Axie er ren si ji@bИ.И.@4著 |
| 702 | 0 | @a程一敬@Acheng yi jing@4译 |
| 801 | 2 | @aCN@bNLC@c20060820 |
| 801 | 0 | @aCN@bTSSF@c20060810 |
| 905 | @a10447@dF062.1@e41 | |
| 科学经济学:对科学活动的评价与刺激/(苏)谢尔仁斯基(Сержинский,И.И.)等著/程一敬译.-北京:科学技术文献出版社,1987 |
| 198页;19cm.-(科技政策与管理译丛) |
| 书名原文:Экономика науки: оценка деятельности и стимулирование |
| ISBN :CNY1.65 |
| ● |
| 相关链接 |
|
|
|
|
正题名:科学经济学
索取号:F062.1/41
 
预约/预借
| 序号 | 登录号 | 条形码 | 馆藏地/架位号 | 状态 | 备注 |
| 1 | 0448470 | 204484708 | 密集书库/ [索取号:F062.1/41] | 在馆 | |
| 2 | 0449948 | 204499480 | 密集书库/ [索取号:F062.1/41] | 在馆 | |
| 3 | 0471659 | 204716593 | 密集书库/ [索取号:F062.1/41] | 在馆 |